WHERE IS MY HUSBAND - Raye (Full Lyrics) - Statistics

General Stats
  • This quiz has been taken 67 times
  • The average score is 352 of 498
Answer Stats
Answer % Correct
a
100%
I
100%
is
100%
Is
100%
me
100%
my
100%
the
100%
Baby
98%
baby
98%
He
98%
he
98%
husband
98%
Oh
98%
where
98%
him
96%
so
96%
to
96%
do
95%
hell
95%
long
95%
takin
95%
What
95%
find
93%
love
91%
lover
89%
you
89%
get
87%
Tell
87%
tell
87%
with
87%
another
84%
down
84%
like
84%
Getting
82%
getting
82%
And
78%
and
78%
on
78%
it
75%
ring
75%
that
75%
That
75%
be
71%
diamond
71%
see
71%
taking
71%
this
71%
This
71%
if
69%
man
69%
need
69%
testing
69%
would
69%
for
67%
For
67%
Why
67%
wedding
65%
finger
64%
shiny
64%
big
62%
no
62%
talk
62%
Wait
62%
when
62%
about
60%
patience
60%
should
60%
waitin
60%
around
58%
beautiful
58%
Lord
58%
Help
56%
help
56%
already
55%
can
55%
wave
55%
okay
53%
uh
53%
Uh
53%
I'm
51%
doubt
49%
heart
49%
waiting
49%
I've
47%
Completely
44%
till
44%
away
42%
got
42%
how
42%
How
42%
old
42%
ain't
40%
anticipatin
40%
far
40%
here
40%
could
38%
day
38%
ever
38%
hands
38%
holler
38%
woman
38%
been
36%
brown
36%
eyes
36%
your
36%
must
35%
of
35%
yearns
35%
Prayin
33%
5'5"
31%
only
31%
time
31%
am
29%
applications
29%
dress
29%
want
29%
arms
27%
doing
27%
hurry
27%
kind
27%
living
27%
lovin
27%
reviewin
27%
tired
27%
up
27%
While
27%
fear
25%
give
25%
God
25%
his
25%
two
25%
at
24%
forgive
24%
one
24%
too
24%
Until
24%
acrobatics
22%
gonna
22%
wife
22%
bout
20%
'bout
20%
hello
20%
out
20%
ready
20%
there
20%
unzipping
20%
death
18%
despite
18%
die
18%
doesn't
18%
frustrations
18%
lonely
18%
tie
18%
fix
16%
I'ma
16%
kept
16%
mm
16%
off
16%
turn
16%
ya
16%
above
15%
growing
15%
tryna
15%
along
13%
goin
13%
much
13%
uh-huh
13%
intend
11%
rush
11%
alone
9%
now
9%
huh-huh
4%
Tuh
0%
tuh
0%
No matching quizzes found
Score Distribution
Percent of People with Each Score
Percentile by Number Answered
Your Score History
You have not taken this quiz